000 01045nam a22002657a 4500
001 BD-DhSAU
003 BD-DhSAU
005 20240330104819.0
008 150420b2005 bg ||||| m||| 00| 0 eng d
040 _aBD-DhSAU
082 _222
_a630
_bR1293
100 _aRAHMAN, MD. LUTFOR
_eRegistration No. # 15-06658
245 _aYield performance of soybean varieties under different fertilizer level /
_bMS thesis
260 _aSher-e-Bangla Agricultural Uniersity :
_bDepartment of Agronomy;
_c2022.
300 _aviii, 71 p. ;
_c30 cm.
500 _aMS thesis of Department of Agronomy, Faculty of Agriculture, Sher-e-Bangla Agricultural University, Dhaka, Bangladesh
504 _aIncludes bibliographical reference.
590 _aNazmul
650 _asoybean varieties
651 _afertilizer level
700 _aProf. Dr. A.K.M. Ruhul Amin
_eSuperviser
700 _aProf. Dr. Md. Jafar Ullah
_eCo-superviser
856 _uhttp://archive.saulibrary.edu.bd:8080/xmlui/handle/123456789/5117
942 _2ddc
_cTHESIS
999 _c17502
_d17501